000 00317nam a2200109Ia 4500
008 180205s9999 xx 000 0 und d
020 _a971590100x
100 _aMarklew, Clyde
245 _aIt's square world! :
_bchildren's stories for adults
260 _aPasay City
_bDauther of Saint Paul
_c1996
300 _a77 pages
999 _c354676
_d354676